000 00761nam a2200241Ia 4500
001 dia_3898
003 CHAP
005 20251029155434.0
008 220117s1999 xx 000 0 und d
010 _a174506
040 _cCHAP
_amxchpua
090 _aFOLLETO 2634
100 _aBanco Nacional de Comercio Exterior
_9155517
245 _aAlemania : perfil para frutas y verduras congeladas /
_c Banco Nacional de Comercio Exterior
260 _aMéxico :
_b BANCOMEXT,
_c1999
300 _a11 p.
500 _aC/e \(Estudios y perfiles de mercadeo ; 433)
650 _aFrutas y verduras
_xCongeladas
_9155529
901 _aFOLLETO 2634
902 _aM
905 _a0000001999 mx 0000000000spa00
942 _cFOLL
_2local
999 _c174506
_d174506